Appropriations, new officers, &c. Statements showing, I. Appropriations made during the second session of the Fortieth Congress. II. Officers created and the salaries thereof. III. The offices the salaries of which have been increased, with the amount of such increase, during the same period.

Bibliographic Details
Corporate Author: ProQuest (Firm)
Format: eBook
Language:English
Published: Washington : [publisher not identified], 1868.
Series:United States congressional serial set.
Subjects:
Online Access:Connect to the full text of this electronic book

MARC

Tag First Indicator Second Indicator Subfields
LEADER 00000cam a22000001a 4500
001 in00002895721
005 20190401171337.0
006 m o d
007 cr un mmmapmmp
008 060823s1868 dcud o f000 0 eng d
035 |a cis2004002422 
040 |a UMI  |c UMI  |d UtOrBLW 
043 |a n-us--- 
099 |a ProQuest Serial Set Number 1350 H.misdoc.168 
245 0 0 |a Appropriations, new officers, &c. Statements showing, I. Appropriations made during the second session of the Fortieth Congress. II. Officers created and the salaries thereof. III. The offices the salaries of which have been increased, with the amount of such increase, during the same period. 
246 1 |a Appropriations made during 40th Congress, 2d session; offices created, and salaries increased 
264 1 |a Washington :  |b [publisher not identified],  |c 1868. 
300 |a 1 online resource. 
336 |a text  |b txt  |2 rdacontent 
337 |a computer  |b c  |2 rdamedia 
338 |a online resource  |b cr  |2 rdacarrier 
490 0 |a H.misdoc.168 
500 |a Record is based on bibliographic data in ProQuest U.S. Serial Set Digital Collection (last viewed Sept. 2006). Reuse except for individual research requires license from ProQuest, LLC. 
510 3 |a ProQuest U.S. Serial Set Digital Collection 
500 |a Electronic resource. 
650 0 |a Budget  |z United States. 
650 0 |a Expenditures, Public. 
650 0 |a Offices. 
655 7 |a Electronic books.  |2 local 
710 2 |a ProQuest (Firm) 
830 0 |a United States congressional serial set. 
856 4 0 |u http://proxy.library.tamu.edu/login?url=http://congressional.proquest.com/congcomp/getdoc?SERIAL-SET-ID=1350+H.misdoc.168  |z Connect to the full text of this electronic book  |t 0 
999 |a MARS 
999 f f |s c0ee9f06-32c7-3a60-adbb-cd397a78a6e0  |i 924ff4a4-d7df-3bf4-bde3-d38545e7ece5  |t 0 
952 f f |a Texas A&M University  |b College Station  |c Electronic Resources  |d Available Online  |t 0  |e ProQuest Serial Set Number 1350 H.misdoc.168  |h Other scheme 
998 f f |a ProQuest Serial Set Number 1350 H.misdoc.168  |t 0  |l Available Online